| 000 | 00385nam a22001697a 4500 | ||
|---|---|---|---|
| 003 | CEME | ||
| 005 | 20210628203527.0 | ||
| 008 | 210126b xxu||||| |||| 00| 0 eng d | ||
| 020 | _a0-471-20023-9 | ||
| 040 | _c. | ||
| 082 | _a621.384 EGA | ||
| 245 | _aPractical rf system design | ||
| 260 | _c2003 | ||
| 300 | _aXXV,386P | ||
| 650 |
_aRF SYSTEM DESIGN _966040 |
||
| 942 |
_cBK _2ddc |
||
| 999 |
_c574084 _d574084 |
||